000 00340nam a2200145Ia 4500
008 230718s9999 xx 000 0 und d
041 _aEng.
082 _a346.454
_bMUH-W
100 _amuhammad mumtaz
245 0 _awaaf law in paksitan
260 _aPakistan
_bomer law book house
_c2018
300 _a626
650 _aLaw
999 _c33045
_d33045